000
00301nam a2200121Ia 4500
008
140130s9999 xx 000 0 und d
245
_c
Walter Dean Myers
_a
Greatest, The: Muhammaed Ali
260
_b
Scholastic,
_c
2001
440
_v
1
521
_a
Grade 7 - Grade 12
942
_c
BK
999
_c
41373
_d
41373